[Event "Titled Tue 10th Jun Late"]
[Site "chess.com INT"]
[Date "2025.06.10"]
[Round "7"]
[White "Xiong, Jeffery"]
[Black "Mekhitarian, Krikor Sevag"]
[Result "1-0"]
[WhiteTitle "GM"]
[BlackTitle "GM"]
[WhiteElo "2639"]
[BlackElo "2564"]
[WhiteFideId "2047640"]
[BlackFideId "2107660"]
[EventDate "2025.06.10"]

1. c4 b6 2. d4 Bb7 3. Nc3 e6 4. e4 Bb4 5. Ne2 Bxe4 6. a3 Bxc3+ 7. Nxc3 Bg6 8. h4
h5 9. Bf4 Ne7 10. Qf3 Nbc6 11. O-O-O O-O 12. d5 Na5 13. b4 Nb3+ 14. Kb2 Nc5 15.
bxc5 bxc5 16. Bd3 Bxd3 17. Qxd3 d6 18. g4 e5 19. Bc1 hxg4 20. h5 Qd7 21. h6 g6
22. h7+ Kh8 23. Bh6 Rfb8+ 24. Ka2 f6 25. Ne4 Qf5 26. Rdf1 Rb7 27. f4 Rab8 28.
Qc2 Rb2+ 29. Qxb2 Rxb2+ 30. Kxb2 Qxe4 31. Bg7+ 1-0

[Event "Titled Tue 10th Jun Late"]
[Site "chess.com INT"]
[Date "2025.06.10"]
[Round "7"]
[White "Kjaergaard-Jensen, Jesper"]
[Black "Garzon Zapatanga, Christopher Leonel"]
[Result "0-1"]
[WhiteTitle "CM"]
[BlackTitle "FM"]
[WhiteElo "2081"]
[BlackElo "2155"]
[WhiteFideId "1406990"]
[BlackFideId "3634787"]
[EventDate "2025.06.10"]

1. d4 Nf6 2. Nf3 g6 3. c3 Bg7 4. Bg5 c5 5. Bxf6 Bxf6 6. dxc5 Na6 7. h4 h5 8.
Nbd2 Nxc5 9. e4 d6 10. Bb5+ Bd7 11. Qe2 O-O 12. Bxd7 Qxd7 13. O-O-O b5 14. e5
dxe5 15. Ne4 Qc6 16. Nxc5 Qxc5 17. Qe4 Qxf2 18. g4 hxg4 19. Qxg4 b4 20. Rh2 Qe3+
21. Kc2 bxc3 22. Rd3 Qb6 23. bxc3 Rab8 24. Nd2 Qb2+ 25. Kd1 Rfd8 26. Qe4 Rxd3
27. Qxd3 e4 28. Qg3 Rd8 29. h5 Bxc3 30. Qe3 Rxd2+ 31. Rxd2 Qxd2+ 32. Qxd2 Bxd2
33. Kxd2 gxh5 0-1

[Event "Titled Tue 10th Jun Late"]
[Site "chess.com INT"]
[Date "2025.06.10"]
[Round "7"]
[White "Santos, Antonio P"]
[Black "Garcia, Angie"]
[Result "1-0"]
[WhiteTitle "FM"]
[BlackTitle "WIM"]
[WhiteElo "2165"]
[BlackElo "1996"]
[WhiteFideId "1900161"]
[BlackFideId "6702503"]
[EventDate "2025.06.10"]

1. d4 Nf6 2. c4 g6 3. Nc3 d5 4. Nf3 Bg7 5. Qb3 O-O 6. cxd5 c6 7. dxc6 Nxc6 8. e3
a6 9. Be2 Be6 10. Qd1 Rc8 11. O-O Bf5 12. Bd3 Bxd3 13. Qxd3 Nb4 14. Qd1 Nfd5 15.
Bd2 Qd6 16. Nxd5 Nxd5 17. e4 Nb6 18. Bc3 Rfd8 19. Qe2 Nc4 20. Rac1 b5 21. a3 Qb6
22. Rfd1 e6 23. d5 Bxc3 24. Rxc3 exd5 25. exd5 Rd6 26. h4 Rcd8 27. Rcd3 b4 28.
a4 a5 29. b3 Na3 30. h5 Qc5 31. hxg6 hxg6 32. Ng5 Rf6 33. d6 Qxg5 34. Qe7 Rf8
35. d7 Qf5 36. R3d2 Re6 37. Qxf8+ Kxf8 38. d8=Q+ Kg7 39. Qd4+ Qf6 40. Qxf6+ Kxf6
41. Rd5 1-0

[Event "Titled Tue 10th Jun Late"]
[Site "chess.com INT"]
[Date "2025.06.10"]
[Round "7"]
[White "Li, Eric 2007"]
[Black "Nalbandyan, Vahan"]
[Result "1-0"]
[WhiteTitle "IM"]
[BlackTitle "CM"]
[WhiteElo "2372"]
[BlackElo "2155"]
[WhiteFideId "30939941"]
[BlackFideId "13309439"]
[EventDate "2025.06.10"]

1. d4 Nf6 2. c4 g6 3. Nc3 Bg7 4. e4 d6 5. Nf3 O-O 6. h3 c5 7. d5 e6 8. Bd3 exd5
9. exd5 Re8+ 10. Be3 Rxe3+ 11. fxe3 Qe7 12. Qd2 a6 13. O-O Nbd7 14. Rae1 Ne5 15.
Nxe5 Qxe5 16. Qf2 Bd7 17. Qf4 Qe7 18. Be2 Re8 19. Bf3 b5 20. b3 b4 21. Nd1 Bc8
22. Nf2 h5 23. Nd3 Nd7 24. g4 h4 25. g5 Ne5 26. Nxe5 Bxe5 27. Qxh4 Bf5 28. e4
Bd7 29. Bg4 Bd4+ 30. Kg2 Bxg4 31. hxg4 Bg7 32. Rf3 Qe5 33. Re2 Qd4 34. Qf2 Rxe4
35. Qxd4 Rxd4 36. Re8+ Bf8 37. Kh3 Kg7 38. Rc8 Re4 39. Rc7 Be7 40. Ra7 Re5 41.
Rxa6 Rxg5 42. Ra7 Re5 43. Kg2 f5 44. gxf5 gxf5 45. Rxf5 Rxf5 46. Rxe7+ Kf8 47.
Re6 Rg5+ 48. Kf2 Rf5+ 49. Ke3 Rh5 50. Rxd6 Rh2 51. Ra6 Ke7 52. Kf4 Rh4+ 53. Kg5
Rh2 54. Ra5 Kd6 55. Kf6 Rf2+ 56. Kg7 Re2 57. Ra6+ Kd7 58. Kg6 Rf2 59. Kg5 Ke7
60. Kg4 Kd7 61. Kg3 Rd2 62. Kf3 Rd3+ 63. Ke4 Rd2 64. a3 bxa3 65. Rxa3 Rb2 66.
Kd3 Kd6 67. Kc3 Rh2 68. Ra6+ Kd7 69. Rc6 Rh3+ 70. Kb2 Rh2+ 71. Ka3 Rh1 72. Rxc5 1-0

[Event "Titled Tue 10th Jun Late"]
[Site "chess.com INT"]
[Date "2025.06.10"]
[Round "7"]
[White "Jimenez Salas, Maria Teresa"]
[Black "Aranda, Juan Manuel"]
[Result "1-0"]
[WhiteTitle "WIM"]
[BlackTitle "CM"]
[WhiteElo "2170"]
[BlackElo "2134"]
[WhiteFideId "3843866"]
[BlackFideId "160458"]
[EventDate "2025.06.10"]

1. e4 d6 2. d4 g6 3. Nc3 Bg7 4. f4 a6 5. Nf3 b5 6. Be3 Bb7 7. Bd3 Nf6 8. e5 Nd5
9. Nxd5 Bxd5 10. Qe2 O-O 11. O-O-O c5 12. dxc5 Qa5 13. a3 b4 14. axb4 Qxb4 15.
cxd6 exd6 16. Bxg6 fxg6 17. Rxd5 dxe5 18. Nxe5 Nc6 19. Qc4 Rac8 20. Qa2 Nxe5 21.
fxe5 Kh8 22. Rhd1 Qe4 23. Qb3 Rb8 24. Qd3 Qa4 25. Kb1 Rfc8 26. Bc5 Qe8 27. Qxa6
Bxe5 28. Rxe5 Qxe5 29. Bd4 Qxd4 30. Rxd4 Re8 31. Qf6+ Kg8 32. Rd7 1-0

[Event "Titled Tue 10th Jun Late"]
[Site "chess.com INT"]
[Date "2025.06.10"]
[Round "7"]
[White "Graif, William"]
[Black "Sarkar, Justin"]
[Result "1-0"]
[WhiteTitle "FM"]
[BlackTitle "IM"]
[WhiteElo "2211"]
[BlackElo "2284"]
[WhiteFideId "2609835"]
[BlackFideId "2010011"]
[EventDate "2025.06.10"]

1. e4 c5 2. Nc3 Nc6 3. Bb5 Nd4 4. Nf3 g6 5. Nxd4 cxd4 6. Ne2 Bg7 7. O-O a6 8.
Ba4 b5 9. Bb3 Bb7 10. d3 d5 11. f3 e5 12. Qe1 Ne7 13. Qh4 O-O 14. Bh6 Nf5 15.
Qxd8 Raxd8 16. Bg5 f6 17. Bd2 Bh6 18. Ba5 Ne3 19. Bxd8 Rxd8 20. Rfe1 a5 21. c3
a4 22. Bd1 dxe4 23. fxe4 dxc3 24. Nxc3 Rxd3 25. Nxb5 1-0

[Event "Titled Tue 10th Jun Late"]
[Site "chess.com INT"]
[Date "2025.06.10"]
[Round "7"]
[White "Sabatier, Mathis"]
[Black "Marino Bravo, Miguel Angel"]
[Result "0-1"]
[WhiteTitle "CM"]
[BlackTitle "CM"]
[WhiteElo "2235"]
[BlackElo "2134"]
[WhiteFideId "26029685"]
[BlackFideId "2208970"]
[EventDate "2025.06.10"]

1. d4 d5 2. Nf3 Nf6 3. g3 Bf5 4. c4 e6 5. Bg2 c6 6. Qb3 Qb6 7. c5 Qc7 8. Bf4 Qc8
9. O-O h6 10. Nc3 Nbd7 11. h4 Be7 12. Rfe1 O-O 13. Ne5 Nxe5 14. Bxe5 Nd7 15. Bf4
e5 16. Bxe5 Nxe5 17. dxe5 Bxc5 18. e4 dxe4 19. Nxe4 Bxe4 20. Rxe4 Qe8 21. Rae1
Rb8 22. Bh3 Kh8 23. e6 fxe6 24. Rxe6 Bxf2+ 25. Kh1 Qh5 26. R1e2 Qc5 27. Bg2 Qc1+
28. Kh2 Bg1+ 29. Kh3 Qc5 30. Qc3 Qf5+ 31. g4 Qf4 32. R2e4 Qh2# 0-1

[Event "Titled Tue 10th Jun Late"]
[Site "chess.com INT"]
[Date "2025.06.10"]
[Round "7"]
[White "Povshednyi, Ivan"]
[Black "Garcia, Jhoel"]
[Result "1-0"]
[WhiteTitle "FM"]
[BlackTitle "IM"]
[WhiteElo "2309"]
[BlackElo "2293"]
[WhiteFideId "14190907"]
[BlackFideId "3801110"]
[EventDate "2025.06.10"]

1. d4 e6 2. c4 Nf6 3. Nc3 Bb4 4. e3 b6 5. Bd2 Bb7 6. Nf3 O-O 7. Bd3 d6 8. O-O
Bxc3 9. Bxc3 Ne4 10. Be1 Nd7 11. Kh1 f5 12. Ng1 c5 13. f3 Nef6 14. Ne2 Qe7 15.
a3 Kh8 16. b4 Nh5 17. Ng3 Nxg3+ 18. Bxg3 e5 19. bxc5 dxc5 20. d5 f4 21. Bf2 fxe3
22. Bxe3 Nf6 23. Bg5 Qd6 24. Bxf6 Rxf6 25. Re1 Re8 26. Be4 Bc8 27. a4 a5 28. Rb1
Bf5 29. Qc2 Ref8 30. Bxf5 Rxf5 31. Re4 Rf4 32. Rbe1 R4f5 33. h3 h6 34. Qb2 Re8
35. Rb1 Rf6 36. Rbe1 Rf5 37. f4 Qg6 38. fxe5 Qg3 39. R4e2 Ref8 40. Kg1 Qf4 41.
e6 Qxc4 42. e7 Re8 43. d6 Rd5 44. Rd2 Rxd2 45. Qxd2 Qf7 46. d7 1-0

[Event "Titled Tue 10th Jun Late"]
[Site "chess.com INT"]
[Date "2025.06.10"]
[Round "7"]
[White "Stefansson, Vignir Vatnar"]
[Black "Tekeyev, Zaur"]
[Result "1-0"]
[WhiteTitle "GM"]
[BlackTitle "IM"]
[WhiteElo "2515"]
[BlackElo "2407"]
[WhiteFideId "2308649"]
[BlackFideId "4199731"]
[EventDate "2025.06.10"]

1. e4 e5 2. Nf3 Nc6 3. Bc4 Bc5 4. c3 Nf6 5. d4 exd4 6. cxd4 Bb4+ 7. Nbd2 d5 8.
exd5 Nxd5 9. O-O O-O 10. a3 Be7 11. Re1 Bg4 12. h3 Bh5 13. Nb3 Nb6 14. Bd3 Bf6
15. Be3 Qd5 16. g4 Bg6 17. Bf1 Nc4 18. Bxc4 Qxc4 19. Rc1 Qd5 20. Rc5 Qd6 21. Qd2
Rad8 22. Bf4 Qd7 23. d5 Nb8 24. Rxc7 Qxd5 25. Qxd5 Rxd5 26. Rxb7 Nc6 27. Rc1 Ne7
28. Nc5 h6 29. b4 Bb2 30. Re1 Nc6 31. Bc1 Bxc1 32. Rxc1 Nd4 33. Nxd4 Rxd4 34.
Rxa7 h5 35. Rd7 Rxd7 36. Nxd7 Rd8 37. Ne5 Be4 38. f3 Bb7 39. Rc7 Ba8 40. Kf2 f6
41. Nc6 hxg4 42. Nxd8 1-0

[Event "Titled Tue 10th Jun Late"]
[Site "chess.com INT"]
[Date "2025.06.10"]
[Round "7"]
[White "Fernandez Siles, Luis"]
[Black "Sakmak, Kutay"]
[Result "1-0"]
[WhiteTitle "FM"]
[BlackTitle "CM"]
[WhiteElo "2170"]
[BlackElo "2158"]
[WhiteFideId "2209420"]
[BlackFideId "44581939"]
[EventDate "2025.06.10"]

1. e4 e5 2. Nf3 Nc6 3. Nc3 Nf6 4. Bc4 Bc5 5. d3 h6 6. h3 d6 7. Na4 O-O 8. Nxc5
dxc5 9. Be3 Qe7 10. g4 Nd4 11. g5 Nh7 12. g6 Nf6 13. Bxf7+ Kh8 14. c3 Nxf3+ 15.
Qxf3 Be6 16. Bxe6 Qxe6 17. Bxc5 Rfd8 18. O-O-O Qxa2 19. Ba3 a5 20. Be7 Qa1+ 21.
Kc2 Qa4+ 22. Kb1 Rg8 23. Bxf6 gxf6 24. Qxf6+ Rg7 25. Rdg1 Qb5 26. Rg3 a4 27. Qh4
a3 28. Qxh6+ Kg8 29. Qd2 Ra6 30. h4 axb2 31. Qxb2 Qd7 32. Qb3+ Kh8 33. Kc2 Rb6
34. Qa3 Ra6 35. Qf8+ Rg8 36. Qh6+ 1-0

[Event "Titled Tue 10th Jun Late"]
[Site "chess.com INT"]
[Date "2025.06.10"]
[Round "7"]
[White "Salinas Herrera, Pablo"]
[Black "Sivakumar, Shaaketh"]
[Result "0-1"]
[WhiteTitle "GM"]
[BlackTitle "FM"]
[WhiteElo "2447"]
[BlackElo "2279"]
[WhiteFideId "3407128"]
[BlackFideId "30940176"]
[EventDate "2025.06.10"]

1. d4 e6 2. Nf3 Nf6 3. Bf4 b6 4. e3 Bb7 5. Nbd2 Be7 6. Bd3 c5 7. O-O O-O 8. c3
d6 9. e4 h6 10. Re1 Nbd7 11. h3 cxd4 12. cxd4 Re8 13. Rc1 a6 14. Bh2 b5 15. e5
dxe5 16. dxe5 Nd5 17. Ne4 Rc8 18. Nd6 Bxd6 19. exd6 Nc5 20. Bb1 Nb6 21. Ne5 Ncd7
22. Qd3 f5 23. Ng6 Qg5 24. Nf4 e5 25. Rxc8 Rxc8 26. h4 Qg4 27. Qb3+ Nc4 28. f3
Qxh4 29. g3 Qf6 30. Nh5 Qxd6 31. Bxf5 Rf8 32. Bg4 Qd4+ 0-1

[Event "Titled Tue 10th Jun Late"]
[Site "chess.com INT"]
[Date "2025.06.10"]
[Round "7"]
[White "Bongo Akanga Ndjila, Barthelemy"]
[Black "Noroozi, Omid"]
[Result "0-1"]
[WhiteTitle "CM"]
[BlackTitle "IM"]
[WhiteElo "1847"]
[BlackElo "2266"]
[WhiteFideId "10609431"]
[BlackFideId "12501190"]
[EventDate "2025.06.10"]

1. d4 Nf6 2. Nf3 c5 3. e3 e6 4. Bd3 b6 5. O-O Be7 6. c4 O-O 7. Nc3 Bb7 8. d5 a6
9. e4 d6 10. Re1 Nbd7 11. b3 Ng4 12. h3 Nge5 13. Bf1 Bf6 14. Bb2 Nxf3+ 15. Qxf3
Ne5 16. Qd1 exd5 17. exd5 Bc8 18. Qc2 Re8 19. f4 Ng6 20. Ne2 Bxb2 21. Qxb2 Qh4
22. Qd2 Bf5 23. g3 Qf6 24. Bg2 h5 25. Kf2 Be4 26. Ng1 Bxg2 27. Kxg2 h4 28. Nf3
hxg3 29. Kxg3 Ne7 30. Ng5 Nf5+ 31. Kh2 Nd4 32. Qd3 Qxf4+ 33. Qg3 Qxg5 34. Qxg5
Nf3+ 35. Kg3 Nxg5 36. h4 Ne4+ 37. Kf4 Nf6 38. Kf5 Rxe1 39. Rxe1 Re8 40. Rf1 Re5+
41. Kf4 Re2 42. Kf5 Rxa2 43. Re1 Rf2+ 44. Kg5 g6 45. Re7 Kg7 46. Rb7 Rf5# 0-1

[Event "Titled Tue 10th Jun Late"]
[Site "chess.com INT"]
[Date "2025.06.10"]
[Round "7"]
[White "Schernthaner, David"]
[Black "Klepek, Witold"]
[Result "1-0"]
[WhiteTitle "FM"]
[BlackTitle "CM"]
[WhiteElo "2401"]
[BlackElo "2253"]
[WhiteFideId "1649574"]
[BlackFideId "1175068"]
[EventDate "2025.06.10"]

1. b3 e5 2. Bb2 d6 3. e3 f5 4. d4 e4 5. d5 Nf6 6. Ne2 c5 7. Nf4 Be7 8. Bb5+ Kf7
9. O-O a6 10. Be2 Nbd7 11. Ne6 Qb6 12. Nd2 Nf8 13. Ng5+ Kg8 14. f3 h6 15. Nh3
Qc7 16. fxe4 fxe4 17. Nf2 Bf5 18. Ng4 Qd7 19. Nxf6+ Bxf6 20. Bxf6 gxf6 21. Qe1
Nh7 22. Qf2 Bg6 23. Qf4 Kg7 24. Nxe4 Rhf8 25. Nxd6 Rad8 26. Nf5+ Bxf5 27. Qxf5
Qxd5 28. Qf4 Rfe8 29. Bd3 Qe5 30. Rae1 Ng5 31. Qg4 Kh8 32. Qh5 Rxd3 33. cxd3 Kg7
34. Qg4 1-0

[Event "Titled Tue 10th Jun Late"]
[Site "chess.com INT"]
[Date "2025.06.10"]
[Round "7"]
[White "Kilic, Eray"]
[Black "Erigaisi, Arjun"]
[Result "0-1"]
[WhiteTitle "IM"]
[BlackTitle "GM"]
[WhiteElo "2474"]
[BlackElo "2782"]
[WhiteFideId "44517173"]
[BlackFideId "35009192"]
[EventDate "2025.06.10"]

1. e4 b6 2. Nc3 Bb7 3. d4 e6 4. Nf3 Nf6 5. e5 Ne4 6. Bd3 d5 7. exd6 Nxc3 8. bxc3
Bxd6 9. O-O Nd7 10. Qe2 Nf6 11. Rd1 Qe7 12. a4 a5 13. c4 O-O 14. c3 h6 15. Ne5
c5 16. Qe3 Rfd8 17. Qg3 Kf8 18. Be3 Rac8 19. Rab1 Qc7 20. h3 Ne4 21. Qh4 Nxc3
22. Bxh6 Bxe5 23. dxe5 Rd4 24. Bf4 Qc6 25. f3 Nxb1 26. Qh8+ Ke7 27. Bg5+ Kd7 28.
Qxg7 Kc7 29. Qxf7+ Rd7 30. Qg6 Nc3 31. Rc1 Qxa4 32. Kh2 Na2 33. Rc2 Nb4 34. Rc3
Nxd3 35. Rxd3 Qxc4 36. Rxd7+ Kxd7 37. h4 a4 38. h5 a3 0-1

[Event "Titled Tue 10th Jun Late"]
[Site "chess.com INT"]
[Date "2025.06.10"]
[Round "7"]
[White "Radchenko, Alexey"]
[Black "Achuthan, Aryan"]
[Result "1-0"]
[WhiteTitle "FM"]
[WhiteElo "2290"]
[BlackElo "2087"]
[WhiteFideId "4192362"]
[BlackFideId "30982294"]
[EventDate "2025.06.10"]

1. d4 d5 2. Nf3 Nf6 3. c4 e6 4. Nc3 Be7 5. Bg5 O-O 6. Bxf6 Bxf6 7. cxd5 exd5 8.
e3 c6 9. Bd3 Nd7 10. h4 Re8 11. Bxh7+ Kxh7 12. Ng5+ Kg8 13. Qh5 Bxg5 14. hxg5
Kf8 15. O-O-O g6 16. Qh6+ Ke7 17. e4 Nb6 18. Qg7 Be6 19. f4 Rg8 20. Qh6 Rh8 21.
Qg7 Rg8 22. Qh6 Qf8 23. Qh4 Rh8 24. Qf2 dxe4 25. Nxe4 Nd5 26. Nc5 b6 27. Nd3 Qd8
28. Ne5 Qd6 29. g4 Bxg4 30. Nxg4 Qxf4+ 31. Qxf4 Nxf4 32. Rde1+ Ne6 33. Rhf1 Rhf8
34. Ne5 Rac8 35. Rf6 Rc7 36. Nxg6+ fxg6 37. Rexe6+ Kd7 38. Rd6+ Ke7 39. Rxg6 Rf2
40. Rdf6 Kd7 41. Rxf2 1-0

[Event "Titled Tue 10th Jun Late"]
[Site "chess.com INT"]
[Date "2025.06.10"]
[Round "7"]
[White "Wu, Rochelle"]
[Black "Hariharan, Shambavi"]
[Result "1-0"]
[WhiteTitle "FM"]
[BlackTitle "WCM"]
[WhiteElo "2211"]
[BlackElo "1936"]
[WhiteFideId "30908132"]
[BlackFideId "488160"]
[EventDate "2025.06.10"]

1. Nf3 d5 2. e3 Nf6 3. g3 e6 4. Bg2 c5 5. O-O Be7 6. d4 O-O 7. Nc3 Nc6 8. Qe2
cxd4 9. exd4 Qb6 10. Rd1 Na5 11. Na4 Qc6 12. b3 b5 13. Nc5 Bxc5 14. dxc5 Qxc5
15. Bb2 Qe7 16. Ne5 a6 17. a4 b4 18. Rd4 Bb7 19. Qd2 Rfc8 20. h4 Nc6 21. Nxc6
Rxc6 22. Qxb4 Qxb4 23. Rxb4 Rc7 24. Be5 Rd7 25. Rd1 a5 26. Rb5 Bc6 27. Rc5 Rc8
28. Rxa5 Bb7 29. c3 Ne8 30. Bh3 Kf8 31. Bd4 Nc7 32. Rc5 Re7 33. b4 f6 34. b5 e5
35. Bxc8 exd4 36. Bxb7 1-0

[Event "Titled Tue 10th Jun Late"]
[Site "chess.com INT"]
[Date "2025.06.10"]
[Round "7"]
[White "Lazaro Azcutia, Miguel"]
[Black "Diaz Cesar, Wilsaida Pieranlly"]
[Result "0-1"]
[WhiteTitle "CM"]
[BlackTitle "WFM"]
[WhiteElo "2275"]
[BlackElo "1890"]
[WhiteFideId "54538254"]
[BlackFideId "6403557"]
[EventDate "2025.06.10"]

1. e4 e5 2. Nf3 Nc6 3. Bb5 Nf6 4. Nc3 Nd4 5. Bd3 Nxf3+ 6. Qxf3 Bc5 7. O-O d6 8.
Qg3 Nh5 9. Qf3 Nf6 10. Be2 Bg4 11. Qg3 h5 12. h3 Bxe2 13. Nxe2 Nxe4 14. Qxg7 Rf8
15. Nc3 Nxf2 16. Rxf2 Qh4 17. Nd1 Bxf2+ 18. Nxf2 O-O-O 19. g3 Qc4 20. Qh7 Rg8
21. Qf5+ Kb8 22. Kg2 Qc6+ 23. Kh2 Qd5 24. d3 Rg6 25. c4 Qd4 26. Qf3 Rdg8 27. Rb1
e4 28. dxe4 Rf6 29. Bf4 h4 30. g4 Qxc4 31. Rf1 Qxf1 0-1

[Event "Titled Tue 10th Jun Late"]
[Site "chess.com INT"]
[Date "2025.06.10"]
[Round "7"]
[White "Rabin, Evan"]
[Black "Oksendal, Martin"]
[Result "0-1"]
[BlackTitle "FM"]
[WhiteElo "1945"]
[BlackElo "2235"]
[WhiteFideId "2028670"]
[BlackFideId "1554107"]
[EventDate "2025.06.10"]

1. e4 c5 2. Nf3 d6 3. Bb5+ Nd7 4. O-O a6 5. Bc4 Ngf6 6. d3 e6 7. c3 Be7 8. Nbd2
O-O 9. Re1 b5 10. Bb3 Bb7 11. Nf1 Rc8 12. Ng3 c4 13. Bc2 cxd3 14. Bxd3 Nc5 15.
Bc2 Qc7 16. Bg5 h6 17. Bxf6 Bxf6 18. Nh5 Be7 19. Qd4 e5 20. Qd2 Ne6 21. Ng3 Rfd8
22. Nf5 Bg5 23. Nxg5 hxg5 24. Bb3 d5 25. exd5 Nf4 26. Qe3 Bxd5 27. Qxe5 Qxe5 28.
Rxe5 Kf8 29. Ne3 Bxb3 30. axb3 f6 31. Re4 Rd2 32. Rxa6 Rxb2 33. g3 Nh3+ 34. Kg2
Nxf2 35. Kf3 Nxe4 36. Kxe4 Rxc3 37. Ra8+ Kf7 38. Ra7+ Kg6 39. Nf5 Re2+ 40. Kd4
Kxf5 41. Kxc3 Rxh2 42. Rxg7 Rg2 43. Rb7 Rxg3+ 44. Kb4 Rg4+ 45. Kxb5 Re4 46. b4
g4 47. Kc5 g3 48. Rg7 Rg4 49. Rxg4 Kxg4 50. b5 g2 51. b6 g1=Q+ 0-1

[Event "Titled Tue 10th Jun Late"]
[Site "chess.com INT"]
[Date "2025.06.10"]
[Round "7"]
[White "Guha, Eshan"]
[Black "Thorhallsson, Simon"]
[Result "1/2-1/2"]
[BlackTitle "FM"]
[WhiteElo "2071"]
[BlackElo "2202"]
[WhiteFideId "30958628"]
[BlackFideId "2310090"]
[EventDate "2025.06.10"]

1. d4 Nf6 2. c4 c5 3. d5 b5 4. cxb5 a6 5. bxa6 g6 6. Nc3 Bg7 7. e4 d6 8. Nf3 O-O
9. Be2 Bxa6 10. O-O Qa5 11. Re1 Bxe2 12. Qxe2 Qa6 13. Qxa6 Rxa6 14. e5 Ng4 15.
Bf4 Nd7 16. exd6 exd6 17. Ne4 Bxb2 18. Rab1 Bg7 19. h3 Nge5 20. Nxe5 Nxe5 21.
Bxe5 Bxe5 22. Nxc5 dxc5 23. Rxe5 Rxa2 24. Rc1 Rc8 25. d6 Rd2 26. Rexc5 Rxc5 27.
Rxc5 Rxd6 28. g4 Rd3 29. Kg2 h6 30. Rc4 Kg7 31. Rb4 Kf6 32. Rb5 Ke6 33. Rc5 Rd5
34. Rc6+ Ke5 35. Rc4 Rd4 36. Rc7 f5 37. gxf5 Kxf5 38. Rc5+ Kf4 39. Rc6 Kg5 40.
Rc5+ Kh4 41. Rc6 Kh5 42. Rc5+ g5 43. Rc6 Ra4 44. Kg3 Ra3+ 45. f3 Ra4 46. Rd6 Ra8
47. Rc6 Rg8 48. Rd6 Rg6 49. Rd4 Rf6 50. Rc4 Kg6 51. f4 Ra6 52. fxg5 hxg5 53. Kg4
Rf6 54. h4 gxh4 55. Kxh4 Re6 56. Rc5 Kf6 57. Kg4 Re4+ 58. Kf3 Ra4 59. Ke3 Ke6
60. Kf3 Kd6 61. Rh5 Ke6 62. Ke3 Rg4 63. Kf3 Ra4 64. Ke3 Kf6 65. Rc5 Kg6 66. Kd3 1/2-1/2

[Event "Titled Tue 10th Jun Late"]
[Site "chess.com INT"]
[Date "2025.06.10"]
[Round "7"]
[White "Zieba, Hubert"]
[Black "Rustamov, Rustam"]
[Result "0-1"]
[WhiteTitle "CM"]
[BlackTitle "FM"]
[WhiteElo "2233"]
[BlackElo "2334"]
[WhiteFideId "21844704"]
[BlackFideId "13440110"]
[EventDate "2025.06.10"]

1. d4 Nf6 2. c4 e6 3. g3 d5 4. Bg2 Be7 5. Nf3 O-O 6. O-O dxc4 7. Qc2 a6 8. a4
Nc6 9. Qxc4 Na5 10. Qc2 b6 11. Ne5 Bb7 12. Bxb7 Nxb7 13. Nc6 Qe8 14. Bf4 Bc5 15.
dxc5 Qxc6 16. b4 Nd5 17. Bd2 bxc5 18. Rc1 Rfd8 19. bxc5 h6 20. Nc3 Qxc5 21. Nxd5
Qxd5 22. Bf4 c5 23. Be3 Rac8 24. Rd1 Qc6 25. Rxd8+ Rxd8 26. Rb1 Rc8 27. Qc3 Nd6
28. h4 Qxa4 29. Rb6 Qd1+ 30. Kh2 Nf5 31. Bxc5 Qxe2 32. Qb4 Qc2 33. Rb8 Rxb8 34.
Qxb8+ Kh7 35. Qb6 Qc4 36. Qa7 e5 37. Bb6 Nd4 38. Qd7 Qc6 39. Qd8 Ne6 40. Qb8 Nd4
41. Bxd4 exd4 42. Qf4 Qd5 43. Qd2 d3 44. f4 a5 45. Kg1 a4 46. Kf2 a3 47. Ke1 a2
48. Qb2 d2+ 49. Kd1 Qh1+ 50. Kxd2 a1=Q 0-1

[Event "Titled Tue 10th Jun Late"]
[Site "chess.com INT"]
[Date "2025.06.10"]
[Round "7"]
[White "Dominguez, Ramiro"]
[Black "Labussiere, Victor"]
[Result "1-0"]
[WhiteTitle "FM"]
[BlackTitle "FM"]
[WhiteElo "2210"]
[BlackElo "2312"]
[WhiteFideId "4420055"]
[BlackFideId "2183129"]
[EventDate "2025.06.10"]

1. e4 c5 2. Ne2 Nc6 3. g3 g6 4. Bg2 Bg7 5. c3 Qb6 6. O-O Nf6 7. h3 O-O 8. d3 Rd8
9. Nd2 d5 10. exd5 Nxd5 11. Nc4 Qc7 12. Ne3 Be6 13. Nxd5 Bxd5 14. Bxd5 Rxd5 15.
Nf4 Rd7 16. Be3 b6 17. Qe2 Rad8 18. Rad1 Qb7 19. f3 Qa6 20. d4 Qxe2 21. Nxe2
cxd4 22. cxd4 e5 23. d5 Rxd5 24. Rxd5 Rxd5 25. Rc1 Rd6 26. b4 h5 27. b5 Nd4 28.
Nxd4 exd4 29. Bf4 Rd7 30. a4 d3 31. Kf2 d2 32. Rd1 Bc3 33. Ke2 Rd4 34. Be5 Rc4
35. Kd3 Bxe5 36. Kxc4 Bxg3 37. Rxd2 Kg7 38. Rd7 g5 39. Rxa7 Kg6 40. Rb7 Bf2 41.
Ra7 f5 42. Kd3 Kf6 43. a5 bxa5 44. Rxa5 Ke5 45. b6+ Kd6 46. b7 Kc7 47. Rxf5 Kxb7
48. Rxg5 h4 49. Re5 Kc6 50. Re2 Bg3 51. Re8 Kd7 52. Re4 Kd6 53. Ke3 Kd5 54. Re8
Kd6 55. f4 Kd5 56. Kf3 1-0

[Event "Titled Tue 10th Jun Late"]
[Site "chess.com INT"]
[Date "2025.06.10"]
[Round "7"]
[White "Platzgummer, Fabian"]
[Black "Barria, Jose"]
[Result "1-0"]
[WhiteTitle "IM"]
[BlackTitle "FM"]
[WhiteElo "2293"]
[BlackElo "2371"]
[WhiteFideId "1617222"]
[BlackFideId "1939300"]
[EventDate "2025.06.10"]

1. Nf3 Nf6 2. g3 g6 3. Bg2 Bg7 4. O-O O-O 5. c4 d6 6. d4 Nc6 7. Nc3 e5 8. d5 Nb8
9. c5 Na6 10. cxd6 cxd6 11. h3 Bd7 12. e4 b5 13. a3 Nc5 14. Ne1 a5 15. Nd3 Nxd3
16. Qxd3 b4 17. Nd1 Qb8 18. a4 Bc8 19. Re1 Nd7 20. Be3 Nc5 21. Bxc5 dxc5 22. Ne3
Ba6 23. Nc4 Kh8 24. b3 f5 25. d6 f4 26. h4 Qd8 27. Rad1 Bb7 28. d7 Ra6 29. Bh3
fxg3 30. fxg3 Raf6 31. Rf1 R6f7 32. Rxf7 Rxf7 33. Rf1 Rxf1+ 34. Kxf1 Ba6 35. Kg2
Bf6 36. Be6 Kg7 37. Qd6 Bb7 38. Bd5 Bxd5 39. Qxd5 Qc7 40. Qd6 Qxd6 41. Nxd6 Kf8
42. Nb7 1-0

[Event "Titled Tue 10th Jun Late"]
[Site "chess.com INT"]
[Date "2025.06.10"]
[Round "7"]
[White "Saidov, Bilukhadzh"]
[Black "Drygalov, Sergey"]
[Result "1/2-1/2"]
[WhiteTitle "FM"]
[BlackTitle "GM"]
[WhiteElo "2309"]
[BlackElo "2560"]
[WhiteFideId "34165476"]
[BlackFideId "24171743"]
[EventDate "2025.06.10"]

1. d4 Nf6 2. Nf3 d5 3. Bf4 c5 4. e3 Nc6 5. c3 Qb6 6. Qc2 g6 7. Nbd2 Bg7 8. h3
O-O 9. Be2 Bf5 10. dxc5 Qxc5 11. Qb3 Na5 12. Qa4 Bd7 13. Nb3 Nxb3 14. Qxb3 b6
15. Be5 Rfd8 16. O-O Ne4 17. Bxg7 Kxg7 18. Rfd1 Bc6 19. Rd4 f6 20. c4 e5 21.
Rdd1 d4 22. exd4 exd4 23. Bd3 f5 24. Re1 Re8 25. Qc2 Rad8 26. a3 a5 27. Re2 Re7
28. Rae1 Rde8 29. Qc1 h6 30. b4 axb4 31. axb4 Qd6 32. Qb2 Rd8 33. Nd2 Rde8 34.
Nf3 Rd8 35. Nd2 Rde8 36. Nf3 1/2-1/2